000 00626nam a2200277Ia 4500
005 20260324134228.0
008 008 260324s9999 xx 000 0 eng d
020 _a9780203438817
037 _aEBOOK
040 _aCRL
040 _beng
040 _cCRL
041 _2eng
041 _aeng
084 _qCRL
100 _aJohn Bourne
_91196049
245 0 _aWho's Who in World War I
260 _bTaylor and Francis
260 _c2002
365 _a
365 _b58.99
856 _uhttp://www.taylorfrancis.com/books/9780203438817
942 _cEBOOK
999 _c1795889
_d1795889